Mujeres Generación Sándwich. Con la familia a cuestas : Manual de supervivencia cuando padres e hijos reclaman tu ayuda (Record no. 21477)

MARC details
000 -LEADER
campo de control de longitud fija 00500nam a2200145Ia 4500
008 - DATOS DE LONGITUD FIJA--INFORMACIÓN GENERAL
campo de control de longitud fija 231129s2009||||xx |||||||||||||| ||spa||
020 ## - NÚMERO INTERNACIONAL ESTÁNDAR DEL LIBRO
Número Internacional Estándar del Libro 978-84-96981-39-3
040 ## - FUENTE DE CATALOGACIÓN
Lengua de catalogación spa
082 ## - NÚMERO DE LA CLASIFICACIÓN DECIMAL DEWEY
Número de clasificación 649.1 A473m
100 ## - ENTRADA PRINCIPAL--NOMBRE DE PERSONA
Nombre de persona ílvarez Gortari Milagros
245 #0 - MENCIÓN DEL TÍTULO
Título Mujeres Generación Sándwich. Con la familia a cuestas : Manual de supervivencia cuando padres e hijos reclaman tu ayuda
260 ## - PUBLICACIÓN, DISTRIBUCIÓN, ETC.
Fecha de publicación, distribución, etc. 2009
264 ## - PRODUCCIÓN, PUBLICACIÓN, DISTRIBUCIÓN, FABRICACIÓN Y COPYRIGHT
Producción, publicación, distribución, fabricación y copyright Barcelona España : Plataforma
942 ## - ELEMENTOS DE ENTRADA SECUNDARIOS (KOHA)
Fuente del sistema de clasificación o colocación Clasificación Decimal Dewey
Tipo de ítem Koha
Holdings
Estatus retirado Estado de pérdida Fuente del sistema de clasificación o colocación Estado de daño No para préstamo Biblioteca de origen Biblioteca actual Fecha de adquisición Total de préstamos Signatura topográfica completa Código de barras Visto por última vez Copia número Precio de reemplazo Tipo de ítem Koha
    Clasificación Decimal Dewey     BIBLIOTECA PÚBLICA MUNICIPAL RAMON CORREA MEJIA BIBLIOTECA PÚBLICA MUNICIPAL RAMON CORREA MEJIA 06/06/2018   649.1 A473m 40949 29/11/2023 1 29/11/2023 Libros

Powered by Koha